000 00627nam a22002057a 4500
999 _c16034
_d16034
003 AR-CdUCM
008 190430b ||||| |||| 00| 0 spa d
040 _aMUNICIPALIDAD PROVINCIAL DEL CUSCO
_cBIBLIOTECA MUNICIPAL DEL CUSCO
082 _a868.38 /
_bZ95
100 _aSanz y Diaz, Jose
_935308
245 _aTirso de Molina /
260 _aMadrid :
_bCompañia Bibliográfica española,
_c1964.
300 _a238 paginas ;
_c19 cm.
505 _aContenido : Biografía /
650 _aBiografía
_922
650 _aAntología
_9142
650 _aBibliográfia
_935309
942 _2ddc
_cLIBROS
945 _arjall
_d2019-04-30